000 01223nam a22002897a 4500
003 DO-SdBNP
005 20250116120725.0
007 ta
008 210914b 2021 dr c 00| 0 eng d
020 _a9789945922158
040 _aDO-SdBNP
_bspa
_cBNPHU
082 4 _a304.87293
_bC118L, 2021
_222
100 1 _aCáceres Ureña, Francisco I.
_97695
245 1 3 _aLa otra inmigración :
_bestudio sobre las corrientes de inmigración de procedencia extrainsular y la integración social y económica de los inmigrantes de las principales comunidades etnonacionales /
_cFrancisco I. Cáceres Ureña, Frank Báez Evertz, César Andrés Caamaño ; prólogo Wilfredo Lozano
250 _a2a ed.
260 _aSanto Domingo :
_bINMRD,
_c2021.
300 _a273 p. ;
_c23 cm.
590 _aInventariado, 2021/BT
651 4 _aRepública Dominicana
_xEmigración e inmigración
_9290
651 4 _aRepública Dominicana
_xPoblación extranjera
_935156
700 1 _aBáez Evertsz, Frank
_958796
700 1 _aCaamaño, César Andrés
_986896
700 1 _aLozano, Wilfredo,
_epról.
_981507
710 1 _a Instituto Nacional de Migración (República Dominicana)
_975397
910 _aBtavárez. Validado MFF
942 _2ddc
_cLBS1
999 _c50499
_d50499